Principles of optics (Record no. 208656)
[ view plain ]
| 000 -LEADER | |
|---|---|
| fixed length control field | 01360 a2200217 4500 |
| 003 - CONTROL NUMBER IDENTIFIER | |
| control field | Nust |
| 005 - DATE AND TIME OF LATEST TRANSACTION | |
| control field | 20221201123723.0 |
| 020 ## - INTERNATIONAL STANDARD BOOK NUMBER | |
| International Standard Book Number | 0521642221 |
| 040 ## - CATALOGING SOURCE | |
| Transcribing agency | Nust |
| 082 ## - DEWEY DECIMAL CLASSIFICATION NUMBER | |
| Classification number | 535,BOR |
| 100 ## - MAIN ENTRY--PERSONAL NAME | |
| Personal name | Born Max |
| 9 (RLIN) | 40107 |
| 245 ## - TITLE STATEMENT | |
| Title | Principles of optics |
| Remainder of title | electromagnetic theory of propagation, interference and diffraction of light / |
| Statement of responsibility, etc. | Max Born, Emil Wolf ... [et al.]. |
| 250 ## - EDITION STATEMENT | |
| Edition statement | 7th expanded ed. |
| 260 ## - PUBLICATION, DISTRIBUTION, ETC. | |
| Place of publication, distribution, etc. | London |
| Name of publisher, distributor, etc. | Cambridge university press |
| Date of publication, distribution, etc. | 1959. |
| 300 ## - PHYSICAL DESCRIPTION | |
| Extent | xxxiii,952p |
| 505 ## - FORMATTED CONTENTS NOTE | |
| Formatted contents note | Basic Properties of the electromagnetic field (Page-1), Electromagnetic Potentials (Page-75), Foundations of geometrical optics (Page-116), Geometrical theory of optics Imaging (Page-116), Geometrical theory of aberrations (Page-228), Image forming instruments (Page-261), Elements of the theory interference (Page-286), Elements of the theory of diffraction (Page-412), The diffraction theory of aberrations (Page-517), Interfence and diffraction with partially coherent light (Page-554), Rigorous diffraction theory (Page-633), Diffraction of light by ultrasonic waves (Page-674), Scattering from inhomogeneous media (Page-695), Optics of metals (Page-735), Optics of crystals (Page-790). |
| 650 ## - SUBJECT ADDED ENTRY--TOPICAL TERM | |
| Topical term or geographic name entry element | optics |
| 9 (RLIN) | 40012 |
| 700 ## - ADDED ENTRY--PERSONAL NAME | |
| Relator code | Wolf, Emil. |
| 856 ## - ELECTRONIC LOCATION AND ACCESS | |
| Materials specified | Sample text |
| Instruction | http://www.loc.gov/catdir/toc/cam021/98049429.html |
| 942 ## - ADDED ENTRY ELEMENTS (KOHA) | |
| Source of classification or shelving scheme | |
| Koha item type | Book |
| Call number prefix | 535,BOR |
| Withdrawn status | Lost status | Source of classification or shelving scheme | Damaged status | Not for loan | Permanent Location | Current Location | Shelving location | Date acquired | Full call number | Barcode | Date last seen | Price effective from | Koha item type | Public note |
|---|---|---|---|---|---|---|---|---|---|---|---|---|---|---|
| Military College of Signals (MCS) | Military College of Signals (MCS) | General Stacks | 12/12/2016 | 535,BOR | MCS28190 | 12/08/2016 | 12/12/2016 | Book | Almirah No.16,, Shelf No.3 |
